Newcastle United 2020's Starting XI - Statistics

General Stats
  • This quiz has been taken 3,089 times
    1,155 since last reset
  • The average score is 19 of 31
Answer Stats
Player % Correct
Alexander Isak
99%
Nick Pope
97%
Bruno Guimarães
96%
Fabian Schär
96%
Joelinton
94%
Sandro Tonali
94%
Anthony Gordon
92%
Martin Dúbravka
91%
Miguel Almirón
91%
Kieran Trippier
88%
Sven Botman
86%
Dan Burn
84%
Valentino Livramento
76%
Jacob Murphy
73%
Callum Wilson
67%
Lewis Hall
65%
Sean Longstaff
58%
Jamaal Lascelles
54%
Allan Saint-Maximin
52%
Joe Willock
51%
Emil Krafth
48%
Javier Manquillo
39%
Ryan Fraser
38%
Matt Targett
37%
Jonjo Shelvey
35%
Federico Fernández
32%
Ciaran Clark
27%
Karl Darlow
27%
Jamal Lewis
25%
Jetro Willems
20%
Isaac Hayden
17%
No matching quizzes found
Score Distribution
Percent of People with Each Score
Percentile by Number Answered
Your Score History
You have not taken this quiz since the last reset